Vidas paralelas: Alejandro-Julio Cesar
Guardat en:
| Autor principal: | |
|---|---|
| Format: | Llibre |
| Idioma: | espanyol |
| Publicat: |
Madrid
Espasa-Calpe
1977
|
| Edició: | 7a. ed |
| Col·lecció: | Colección Austral, 228
|
| Matèries: | |
| Etiquetes: |
Afegir etiqueta
Sense etiquetes, Sigues el primer a etiquetar aquest registre!
|
MARC
| LEADER | 00000nam a2200000 a 4500 | ||
|---|---|---|---|
| 001 | UCP4034 | ||
| 003 | CL-VaPUC | ||
| 005 | 20240612155312.0 | ||
| 008 | 990709e19770000SP |||||||||||||||||spa|d | ||
| 999 | |c 282114 |d 282112 | ||
| 040 | |c Pontificia Universidad Católica de Valparaíso | ||
| 082 | 0 | 4 | |a 920.02 |b PLU |2 21 |
| 100 | 0 | |a Plutarco |e author |9 319084 | |
| 245 | 1 | 0 | |a Vidas paralelas: Alejandro-Julio Cesar |
| 250 | |a 7a. ed | ||
| 260 | |a Madrid |b Espasa-Calpe |c 1977 | ||
| 300 | |a 142 p | ||
| 490 | 0 | |a Colección Austral, 228 | |
| 583 | |a last modification |c 19990709 00:00:00 |k Rodrigo Vera | ||
| 600 | 0 | |a Magno, Alejandro |d 356-323 a.C |9 318232 | |
| 600 | 0 | 7 | |a César, Cayo Julio, |d 100 A.C.-44 A.C. |9 858621 |
| 650 | 0 | |a Biografías clásicas |9 265901 | |
| 651 | 0 | |a Grecia |9 265314 |x Reyes y soberanos | |
| 852 | |a BIBCUR | ||
| 942 | |c BK |2 ddc | ||
| 945 | |d 19990709 00:00:00 |a lriquelm | ||
| 952 | |0 0 |1 0 |4 0 |6 920_020000000000000_PLU_1977 |7 0 |8 R |9 323551 |a BIBHIS |b BIBHIS |d 2019-11-20 |i 1364790 |o 920.02 PLU 1977 |p 1364790 |r 2024-01-30 |w 2019-11-20 |y BK_R |k HIS | ||